Balachikilsa (Record no. 22848)

MARC details
000 -LEADER
fixed length control field 00304nam a2200121Ia 4500
082 ## - DEWEY DECIMAL CLASSIFICATION NUMBER
Classification number 616-053.2
Item number RAD
100 ## - MAIN ENTRY--AUTHOR NAME
Personal name Radheendran, R
245 #0 - TITLE STATEMENT
Title Balachikilsa
260 ## - PUBLICATION, DISTRIBUTION, ETC. (IMPRINT)
Place of publication Trivandrum
Name of publisher State Inst of Languages
Year of publication 1973
650 ## - SUBJECT ADDED ENTRY--TOPICAL TERM
Topical Term Paediatrics
942 ## - ADDED ENTRY ELEMENTS (KOHA)
Koha item type Books
Holdings
Withdrawn status Lost status Damaged status Not for loan Home library Current library Shelving location Date acquired Cost, normal purchase price Full call number Accession Number Koha item type
        RRII Library RRII Library Malayalam 16/12/2021 16.00 616-053.2 RAD 03559 Books